000 01016nas a2200337 4500
001 BR9504754
003 BR-BrBNA
005 20231205094134.0
007 ta
008 230509b bl.|||p| |||| 00| 00por d
040 _aBR-BrBNA
_bpor
_cBiblioteca Nacional de Agricultura
041 _a(Pt)
072 _aL72; L70
100 1 _aSoerensen, B.
100 1 _aVieira, V.
100 1 _aChristovao, F.G.
100 1 _aSzabo, A.
100 1 _aMoreira, M.B.
100 1 _aBadiz, F.P.
100 1 _aBarros, A.R.
245 1 _aAcao terapeutica do doramectim em bovinos, em condicoes de manejo sujeito a reinfestacoes por Dermatobia hominis, Boophilus microplus, Cochliomyia hominivorax e Trichostrongylus spp.
650 _aBovino
650 _aMosca
650 _aCarrapato
650 _aMiiase
650 _aTricostrongilose
650 _aMedicamento
773 0 _tUNIMAR Ciencias (Brazil)
_x
_g(1994), v. 3 p. 19-22
_wBR9504754
909 _a202311
_bLúcia
_c55
_dLúcia Elande
942 _2AGRIS
_n0
_cANA
999 _c142295
_d142295